South Eastern Kenya University

Library Online Public Access Catalogue


College algebra and trigonometry / (Record no. 7644)

MARC details
000 -LEADER
fixed length control field 00555cam a2200193 a 4500
020 ## - ISBN
International Standard Book Number 0321227638
050 00 - LIBRARY OF CONGRESS CALL NUMBER
Classification Number QA154.3
Item Number .L54 2005
100 1# - MAIN ENTRY--Author
Personal name Lial, Margaret L.
245 10 - TITLE
Title College algebra and trigonometry /
Statement of responsibility, etc Margaret L. Lial, John Hornsby, David I. Schneider.
250 ## - EDITIONSTATEMENT
Edition statement 3rd ed.
260 ## - PUBLICATION, DISTRIBUTION, ETC.(IMPRINT)
Place of publication, distribution, etc Boston :
Name of publisher, distributor, etc Pearson/Addison Wesley,
Date of publication, distribution, etc c2005.
300 ## - PHYSICAL DESCRIPTION
Extent 1 v. (various pagings) :
500 ## - GENERALNOTE
General note Includes indexes.
650 #0 - SUBJECT--TOPIC
General subdivision Algebra
650 #0 - SUBJECT--TOPIC
General subdivision Trigonometry
700 1# - ADDED ENTRY--PERSONAL AUTHOR
Personal Name Hornsby, John,
700 1# - ADDED ENTRY--PERSONAL AUTHOR
Personal Name Schneider, David I.
942 ## - ADDED ENTRY ELEMENTS(KOHA)
Source of classification or shelving scheme Library of Congress Classification
Koha item type General circulation
Holdings
Source of classification or shelving scheme Not for loan Location (home branch) Sublocation (holding branch) Shelving location Date accessioned Full call number Barcode Nonpublic note Koha item type
Library of Congress Classification   Main Campus Library Main Campus Library   29/07/2015 QA154.3 .L54 2005 2015/005163 jm General circulation
Kitui, Kenya.
+254736116989
library@seku.ac.ke